[Event "3. Copenhagen Open Politiken Cup"]
[Site "Brndby"]
[Date "1981.??.??"]
[Round "10"]
[White "Radulov, Ivan"]
[Black "Ernst, Thomas"]
[Result "1-0"]
[WhiteElo "2460"]
[BlackElo "2295"]
[PlyCount "109"]
[EventDate "1981.??.??"]
[EventType "swiss"]
[EventRounds "10"]
[EventCountry "DEN"]
[SourceDate "2004.01.01"]

1. e4 c5 2. Nf3 d6 3. d4 Nf6 4. Nc3 cxd4 5. Nxd4 g6 6. Be3 Bg7 7. Be2 O-O 8.
O-O Nc6 9. Qd2 Ng4 10. Bxg4 Bxg4 11. f4 Nxd4 12. Bxd4 e5 13. Be3 exf4 14. Rxf4
Be6 15. Rf2 Be5 16. Bd4 Qa5 17. Bxe5 dxe5 18. Nd5 Qxd2 19. Rxd2 Bxd5 20. Rxd5
f6 21. Rad1 Rae8 22. Kf2 Re7 23. c4 f5 24. Ke3 Kf7 25. c5 Rc8 26. b4 Rc6 27. b5
Rc8 28. a4 Kf6 29. Rd6+ Kg5 30. R1d5 Rec7 31. Rxe5 Rxc5 32. Rxc5 Rxc5 33. exf5
gxf5 34. Rd7 Rc3+ 35. Ke2 Ra3 36. Rxh7 Rxa4 37. Rxb7 a6 38. b6 Rb4 39. Kd3 a5
40. Kc3 Kg6 41. Rb8 Kf7 42. g3 Kg7 43. b7 Rb1 44. Kd4 a4 45. Ke5 Rb5+ 46. Kf4
a3 47. Kg5 Kh7 48. Ra8 Rxb7 49. Rxa3 Rb2 50. h4 Rf2 51. h5 f4 52. g4 Rf1 53.
Ra7+ Kg8 54. Kg6 Kf8 55. h6 1-0

[Event "3. Copenhagen Open Politiken Cup"]
[Site "Brndby"]
[Date "1981.??.??"]
[Round "10"]
[White "Reinert, Mads"]
[Black "Nikolaiczuk, Lothar"]
[Result "1/2-1/2"]
[WhiteElo "2215"]
[BlackElo "2280"]
[PlyCount "127"]
[EventDate "1981.??.??"]
[EventType "swiss"]
[EventRounds "10"]
[EventCountry "DEN"]
[SourceDate "2004.01.01"]

1. e4 e6 2. d4 d5 3. Nc3 Nc6 4. e5 Nge7 5. Nf3 Nf5 6. h4 Be7 7. a3 h6 8. b4 g6
9. h5 g5 10. g4 Ng7 11. Bd3 b6 12. Ne2 Bb7 13. c3 Qd7 14. Be3 a6 15. Qb1 O-O-O
16. a4 Na7 17. Nd2 f5 18. exf6 Bxf6 19. Nb3 Ne8 20. O-O Nd6 21. f3 Kb8 22. Bf2
Rhe8 23. Nec1 Qc6 24. Qb2 Nc4 25. Qa2 Nc8 26. Bg6 Rf8 27. Nd3 Be7 28. b5 axb5
29. axb5 Qd7 30. Nbc5 bxc5 31. dxc5 c6 32. Bg3+ Rf4 33. Nxf4 Bxc5+ 34. Kh1 gxf4
35. Bxf4+ e5 36. Bf5 Qg7 37. bxc6 Bxc6 38. Rfb1+ Kc7 39. Bxc8 Na3 40. Be3 d4
41. cxd4 Bxf3+ 42. Kh2 Nxb1 43. dxc5 Kxc8 44. Rxb1 Qxg4 45. Qa6+ Kd7 46. Qd6+
Ke8 47. Qg6+ Qxg6 48. hxg6 Be4 49. Rb6 Rc8 50. Kh3 Ke7 51. Kh4 Rc6 52. Rxc6
Bxc6 53. Kh5 Kf8 54. Bxh6+ Kg8 55. Kg5 Bd7 56. Kf6 Be8 57. Bd2 e4 58. Be3 Bb5
59. Bd4 Be8 60. Kf5 Bc6 61. Ke6 Be8 62. g7 e3 63. Ke7 Bb5 64. Kf6 1/2-1/2

[Event "3. Copenhagen Open Politiken Cup"]
[Site "Brndby"]
[Date "1981.??.??"]
[Round "10"]
[White "Roos, Louis"]
[Black "Karlsson, Lars"]
[Result "1/2-1/2"]
[WhiteElo "2375"]
[BlackElo "2465"]
[PlyCount "117"]
[EventDate "1981.??.??"]
[EventType "swiss"]
[EventRounds "10"]
[EventCountry "DEN"]
[SourceDate "2004.01.01"]

1. e4 c5 2. Nc3 Nc6 3. g3 g6 4. Bg2 Bg7 5. d3 e6 6. Be3 Nd4 7. Nf3 Ne7 8. O-O
d6 9. Qd2 Rb8 10. Rab1 Nec6 11. Ne2 Nxe2+ 12. Qxe2 O-O 13. c3 b6 14. Rfd1 Bb7
15. d4 Qc7 16. b4 cxb4 17. cxb4 Ne7 18. Bf4 Qd7 19. b5 Rbc8 20. Rbc1 Rxc1 21.
Rxc1 h6 22. h4 Rc8 23. Rxc8+ Nxc8 24. Qd3 Qc7 25. Kh2 e5 26. Be3 Ne7 27. a4 Kh7
28. Nd2 Ng8 29. d5 Nf6 30. Bh3 h5 31. Bg5 Nd7 32. Bxd7 Qxd7 33. Nc4 Qc7 34. Bc1
Bf8 35. Kg2 Qd7 36. Ba3 Kg8 37. Kg1 f5 38. f3 Bc8 39. exf5 gxf5 40. Kf2 Qc7 41.
Ne3 Qf7 42. Qc2 f4 43. gxf4 exf4 44. Ng2 Bb7 45. Bb2 Bh6 46. Qc3 Kh7 47. Qc2+
Kg8 48. Qc3 Qg6 49. Qd4 Qc2+ 50. Kf1 Qb1+ 51. Ne1 Qg6 52. Ng2 Kf7 53. Qc4 Kg8
54. Nxf4 Bxf4 55. Qxf4 Qb1+ 56. Bc1 Qd3+ 57. Kg2 Qe2+ 58. Kg3 Qe1+ 59. Kg2
1/2-1/2

[Event "3. Copenhagen Open Politiken Cup"]
[Site "Brndby"]
[Date "1981.??.??"]
[Round "10"]
[White "Rosenlund, Thorbjorn"]
[Black "Kristiansen, Tor"]
[Result "0-1"]
[WhiteElo "2305"]
[BlackElo "2250"]
[PlyCount "79"]
[EventDate "1981.??.??"]
[EventType "swiss"]
[EventRounds "10"]
[EventCountry "DEN"]
[SourceDate "2004.01.01"]

1. Nf3 Nf6 2. c4 c5 3. e3 g6 4. Nc3 Bg7 5. d4 O-O 6. Be2 cxd4 7. exd4 d5 8. h3
Nc6 9. O-O dxc4 10. d5 Na5 11. Bf4 Ne8 12. Qd2 Nd6 13. Rad1 Bf5 14. Bh6 Rc8 15.
Bxg7 Kxg7 16. Qd4+ Kg8 17. g4 Bd3 18. b4 Nb5 19. Nxb5 Bxe2 20. Nh2 c3 21. bxa5
Bxb5 22. Rfe1 c2 23. Rc1 Qxa5 24. Rxe7 Qa3 25. Qe3 Rc3 26. Qe1 Ba4 27. Nf1 Rd3
28. Re3 Rxe3 29. Nxe3 Qxa2 30. g5 Qb2 31. Ng4 Qd4 32. d6 Qd1 33. Nf6+ Kg7 34.
d7 Qxe1+ 35. Rxe1 Rd8 36. Rc1 b5 37. Kh2 b4 38. Re1 b3 39. Re8 Rxe8 40. Nxe8+
0-1

[Event "3. Copenhagen Open Politiken Cup"]
[Site "Brndby"]
[Date "1981.??.??"]
[Round "10"]
[White "Schneider, Lars Ake"]
[Black "Jansa, Vlastimil"]
[Result "0-1"]
[WhiteElo "2410"]
[BlackElo "2460"]
[PlyCount "74"]
[EventDate "1981.??.??"]
[EventType "swiss"]
[EventRounds "10"]
[EventCountry "DEN"]
[SourceDate "2004.01.01"]

1. e4 c5 2. Nf3 d6 3. d4 cxd4 4. Nxd4 Nf6 5. Nc3 e6 6. f4 Be7 7. Qf3 O-O 8. Be3
e5 9. Nf5 Bxf5 10. exf5 Qa5 11. Bd3 Nc6 12. O-O d5 13. fxe5 Nxe5 14. Qg3 Bc5
15. Kh1 Bxe3 16. Qxe3 Rfe8 17. Qd4 Nc6 18. Qa4 Qxa4 19. Nxa4 Nb4 20. Nc5 Nxc2
21. Bxc2 Rec8 22. Nxb7 Rxc2 23. b3 h5 24. Rfc1 Rac8 25. Rxc2 Rxc2 26. h3 Ne4
27. Kh2 h4 28. Rd1 Ng3 29. a4 Nxf5 30. Rxd5 Ne3 31. Ra5 Nxg2 32. Rxa7 Nf4+ 33.
Kh1 Rc1+ 34. Kh2 Rc2+ 35. Kh1 Nxh3 36. Nd8 Ng5 37. Ra5 Nf3 0-1

[Event "3. Copenhagen Open Politiken Cup"]
[Site "Brndby"]
[Date "1981.??.??"]
[Round "10"]
[White "Taulbut, Shaun M"]
[Black "McCambridge, Vincent"]
[Result "1-0"]
[WhiteElo "2380"]
[BlackElo "2335"]
[PlyCount "67"]
[EventDate "1981.??.??"]
[EventType "swiss"]
[EventRounds "10"]
[EventCountry "DEN"]
[SourceDate "2004.01.01"]

1. e4 c5 2. Nf3 e6 3. b4 cxb4 4. d4 Nf6 5. Bd3 d5 6. e5 Nfd7 7. a3 Nc6 8. O-O
Qb6 9. Be3 Be7 10. c4 bxc3 11. Nxc3 a6 12. Ne2 Qc7 13. Nf4 b5 14. a4 b4 15. Nd2
Bb7 16. Nb3 O-O-O 17. Qe2 a5 18. Rfc1 Kb8 19. Bb5 Rc8 20. Rc2 Qb6 21. Rac1 Rc7
22. Qg4 g6 23. Nd3 Rhc8 24. Qf4 Ba6 25. Rxc6 Rxc6 26. Rxc6 Rxc6 27. Ndc5 Bxc5
28. dxc5 Qc7 29. Bxc6 Qxc6 30. Qxf7 Bc4 31. Nd4 Qxa4 32. Qe8+ Kc7 33. Nxe6+ Kb7
34. c6+ 1-0

[Event "3. Copenhagen Open Politiken Cup"]
[Site "Brndby"]
[Date "1981.??.??"]
[Round "10"]
[White "Toth, Peter"]
[Black "Poulsen, Allan"]
[Result "1/2-1/2"]
[WhiteElo "2270"]
[BlackElo "2400"]
[PlyCount "36"]
[EventDate "1981.??.??"]
[EventType "swiss"]
[EventRounds "10"]
[EventCountry "DEN"]
[SourceDate "2004.01.01"]

1. d4 g6 2. c4 f5 3. Nc3 Nf6 4. e3 Bg7 5. Be2 d6 6. h4 h6 7. Nh3 e5 8. dxe5
dxe5 9. Qxd8+ Kxd8 10. O-O Be6 11. Rd1+ Nbd7 12. b3 c6 13. Ba3 Bf8 14. Bb2 Kc7
15. Rac1 Be7 16. Nd5+ Kd8 17. Nxe7 Kxe7 18. f3 a5 1/2-1/2

[Event "3. Copenhagen Open Politiken Cup"]
[Site "Brndby"]
[Date "1981.??.??"]
[Round "10"]
[White "Wedberg, Tom"]
[Black "Brinck Claussen, Bjorn"]
[Result "1-0"]
[WhiteElo "2420"]
[BlackElo "2375"]
[PlyCount "89"]
[EventDate "1981.??.??"]
[EventType "swiss"]
[EventRounds "10"]
[EventCountry "DEN"]
[SourceDate "2004.01.01"]

1. e4 e5 2. Nf3 Nc6 3. Bb5 Nf6 4. Qe2 Be7 5. c3 d6 6. O-O Bd7 7. Rd1 a6 8. Bc4
Na5 9. d3 b5 10. Bb3 Nxb3 11. axb3 O-O 12. c4 c5 13. Bg5 Ne8 14. Bxe7 Qxe7 15.
Nc3 Nc7 16. Ra5 b4 17. Nd5 Nxd5 18. exd5 Bc8 19. Nd2 Ra7 20. Re1 Qd8 21. Raa1
f5 22. f4 exf4 23. d4 cxd4 24. Nf3 Qf6 25. Qd3 g5 26. Qxd4 Rg7 27. Qxf6 Rxf6
28. Ra4 g4 29. Nd4 Kf7 30. Rxb4 f3 31. Rb8 Bd7 32. Rd8 Kg6 33. gxf3 Kg5 34.
Ne6+ Bxe6 35. dxe6 gxf3 36. Rxd6 Rh6 37. Kf2 Rxh2+ 38. Kxf3 Rh3+ 39. Kf2 Rh2+
40. Ke3 Rxb2 41. Kd4 Re7 42. Ke5 Rxb3 43. Rg1+ Kh4 44. Kf6 Rc7 45. Rd7 1-0

[Event "3. Copenhagen Open Politiken Cup"]
[Site "Brndby"]
[Date "1981.??.??"]
[Round "10"]
[White "Wicker, Kevin J"]
[Black "Sorensen, Henrik"]
[Result "0-1"]
[WhiteElo "2305"]
[BlackElo "2215"]
[PlyCount "68"]
[EventDate "1981.??.??"]
[EventType "swiss"]
[EventRounds "10"]
[EventCountry "DEN"]
[SourceDate "2004.01.01"]

1. e4 c6 2. d4 d5 3. Nc3 dxe4 4. Nxe4 Nf6 5. Nxf6+ gxf6 6. Bc4 Bf5 7. Ne2 e6 8.
a4 h5 9. Bd3 h4 10. Bxf5 Qa5+ 11. c3 Qxf5 12. Be3 Nd7 13. a5 Bd6 14. Qb3 O-O-O
15. c4 a6 16. c5 Bc7 17. Qa2 Rdg8 18. O-O-O Rxg2 19. b4 Qf3 20. d5 exd5 21.
Rhe1 Ne5 22. b5 cxb5 23. Nf4 Rxh2 24. Nxd5 Rd8 25. Qb3 Nc4 26. Ne7+ Kb8 27.
Rxd8+ Bxd8 28. c6 Rxf2 29. Qd3 Bxe7 30. Ba7+ Kxa7 31. Rxe7 Qxd3 32. Rxb7+ Ka8
33. Rb8+ Kxb8 34. c7+ Ka7 0-1

[Event "3. Copenhagen Open Politiken Cup"]
[Site "Brndby"]
[Date "1981.??.??"]
[Round "10"]
[White "Akesson, Ralf"]
[Black "Hartung Nielsen, Jens"]
[Result "1-0"]
[WhiteElo "2305"]
[BlackElo "2220"]
[PlyCount "110"]
[EventDate "1981.??.??"]
[EventType "swiss"]
[EventRounds "10"]
[EventCountry "DEN"]
[SourceDate "2004.01.01"]

1. Nf3 d6 2. d4 Nf6 3. g3 Nbd7 4. Bg2 e5 5. c4 Be7 6. Nc3 c6 7. e4 O-O 8. O-O
a6 9. Re1 b5 10. c5 dxc5 11. dxe5 Ne8 12. Ne2 Nc7 13. Nf4 Nb6 14. Qc2 Ne6 15.
Rd1 Qc7 16. Nd5 cxd5 17. exd5 Nxd5 18. Rxd5 Bb7 19. Rd1 Rfd8 20. Be3 Rxd1+ 21.
Rxd1 Rd8 22. Rxd8+ Qxd8 23. b3 Qc7 24. Qc3 Bd5 25. Nd2 Qc6 26. Bf1 Bd8 27. Be2
Bb6 28. Bf1 Qc7 29. f4 Ba5 30. Qc2 Qc6 31. f5 Nd4 32. Bxd4 cxd4 33. Qd3 Qc3 34.
Ne4 Qe1 35. Qc2 Qe3+ 36. Nf2 Bc3 37. Qe2 Bf3 38. Qd3 Bd2 39. Qc2 h6 40. e6 Bc3
41. a4 bxa4 42. bxa4 fxe6 43. Bxa6 Qe1+ 44. Bf1 e5 45. f6 Bh5 46. Qb3+ Kf8 47.
Qe6 Bb4 48. Kg2 Bf3+ 49. Kxf3 Qxf1 50. fxg7+ Kxg7 51. Qxe5+ Kg8 52. Qd5+ Kf8
53. Qf5+ Kg7 54. Qg4+ Kf7 55. Qf4+ Kg7 1-0